| 000 | 00684nam a2200253Ia 4500 | ||
|---|---|---|---|
| 003 | GCL | ||
| 005 | 20240530100744.0 | ||
| 008 | 140319s9999 xx 000 0 eng d | ||
| 040 |
_aGCL / _cGCL |
||
| 082 | 0 | 4 |
_a621.3121 _bB M |
| 100 | 1 | _aBALASUBRAHMANYAM, J | |
| 245 | 1 | 0 |
_aMODERN POWER PLANT ENGINEERING / _cBALASUBRAHMANYAM, J |
| 260 |
_adelhi : _bKHANNA PUBLISHERS ، _c1987 |
||
| 300 |
_a986 P ; _c16 cm |
||
| 650 | 0 | 4 | _aالتحليل الرياضى |
| 650 | 0 | 4 | _aTURBINES |
| 650 | 0 | 4 | _aELECTRIC ENGINEERING |
| 650 | 0 | 4 | _aSTEAM POWER |
| 650 | 0 | 4 | _aHEAT TRANSFER |
| 650 | 0 | 4 | _aVALVES |
| 650 | 0 | 4 | _aPOWER MECHANICS |
| 700 | 1 |
_aJAIN, R.K _eDIRECTOR |
|
| 942 |
_2ddc _cBK |
||
| 999 |
_c20535 _d20535 |
||